[Event "EU-Cup 01st final play-off"]
[Site "Solingen"]
[Date "1976.05.10"]
[Round "4.3"]
[White "Kavalek, Lubomir"]
[Black "Gulko, Boris F"]
[Result "1/2-1/2"]
[WhiteElo "2540"]
[BlackElo "2530"]
[Annotator "Hecht,H"]
[PlyCount "40"]
[EventDate "1976.05.08"]
[EventType "team-match"]
[EventRounds "3"]
[EventCountry "GER"]
[SourceTitle "MCD"]
[Source "ChessBase"]
[SourceDate "1999.07.01"]
[SourceVersion "1"]
[SourceVersionDate "1999.07.01"]
[SourceQuality "1"]
[WhiteTeam "Solingen SG"]
[BlackTeam "Burevestnik"]
[WhiteTeamCountry "GER"]
[BlackTeamCountry "URS"]

{Gulko gelingt es nicht, mit der Rubinsteinvariante in der französischen
Verteidigung Ausgleich zu erzielen. Als man die Partie eingedenk der
schlechten Stellung an Brett 3 und der wenig aussichtsreichen Position an
Brett 6 remis gibt, dürfte Kavalek mittels Te3 und starkem Königsangriff
bereits auf Gewinn gestanden haben. Die drei Remisen in den genannten Partien
sicherten jedenfalls beiden Teams Gleistand bei 3:3.} 1. e4 e6 2. d4 d5 3. Nc3
dxe4 4. Nxe4 Be7 5. Nf3 Nf6 6. Bd3 Nbd7 7. Qe2 c5 8. Be3 Nxe4 9. Bxe4 Qa5+ 10.
c3 O-O 11. Bc2 Nf6 12. dxc5 Bxc5 13. Bg5 Be7 14. Ne5 h6 15. Bh4 Rd8 16. O-O Bd7
17. Rfe1 Bb5 18. Qf3 Qb6 19. Bb3 Bc6 20. Qh3 Be8 {[#]} 1/2-1/2

[Event "Olympiad-31"]
[Site "Moscow"]
[Date "1994.12.13"]
[Round "12.4"]
[White "Kindermann, Stefan"]
[Black "De la Villa Garcia, Jesus Maria"]
[Result "1/2-1/2"]
[WhiteElo "2560"]
[BlackElo "2490"]
[Annotator "Hecht,H"]
[PlyCount "198"]
[EventDate "1994.12.01"]
[EventType "team-swiss"]
[EventRounds "14"]
[EventCountry "RUS"]
[SourceTitle "CBM 045"]
[Source "ChessBase"]
[SourceDate "1995.04.01"]
[SourceVersion "1"]
[SourceVersionDate "1995.04.01"]
[SourceQuality "1"]
[WhiteTeam "Germany"]
[BlackTeam "Spain"]
[WhiteTeamCountry "GER"]
[BlackTeamCountry "ESP"]

1. e4 e6 2. d4 d5 3. Nc3 Nc6 4. e5 f6 5. Bb5 Bd7 6. Nf3 Qe7 7. O-O Qf7 8. Qe2
O-O-O 9. Re1 Nge7 10. exf6 gxf6 11. Bf4 Bg7 12. Qd2 e5 13. dxe5 d4 14. Ne4 fxe5
15. Bg3 Nf5 16. Nc5 Be8 17. Bxc6 Bxc6 18. Nxe5 Bxe5 19. Rxe5 Rd5 20. Nd3 h5 21.
Nb4 Rxe5 22. Bxe5 Bxg2 23. Bxh8 Qg6 24. Bf6 Ne3 25. fxe3 Bh3+ 26. Bg5 Qxg5+ 27.
Kh1 c5 28. Qf2 cxb4 29. e4 Qg4 30. Re1 a5 31. Qg3 Qe6 32. b3 Bg4 33. Kg1 Qb6
34. Qf2 Kb8 35. Kh1 Qc5 36. Rf1 Ka7 37. Qd2 Ka8 38. Rf4 Qc3 39. Qxc3 bxc3 40.
Rf8+ $18 Ka7 41. Rd8 Bf3+ 42. Kg1 Bxe4 43. Rxd4 Bxc2 44. Rc4 Bb1 45. a3 c2 46.
Kf2 b6 47. Ke3 Ba2 48. Rxc2 Bxb3 49. Rb2 Bd1 50. Kd4 Kb7 51. Rb1 Bf3 52. Rb5 h4
53. Rf5 Bg2 54. Kc4 h3 55. Rf7+ Ka6 56. Rf6 Bh1 57. Rh6 Bg2 58. Rh7 Bf1+ 59.
Kd5 Kb5 60. Rh4 Bg2+ 61. Kd6 Ka6 62. Rh5 Bf1 63. Kc7 b5 64. Rh6+ Ka7 65. Rb6 b4
66. a4 Bc4 67. Kc6 Bb3 68. Kb5 Bxa4+ 69. Kxa5 Bd1 70. Rxb4 Bf3 {Positionen mit
am gegenüber liegenden Rand abgedrängtem K sind gewonnen: z.B. wKf5,Tg6,
Ba2-sKh5,Lb2,Ba3 Anzug beliebig. Weiß gewinnt bei uns mit Ka5-a4-a3- b2 usw.
Bitte nachlesen! Ziel: K-g4 samt Txh3 mit sK auf der a-Linie.} 71. Rb6 (71. Ka4
$142 $18 Ka6 (71... Bb7 72. Ka3 Kb8 73. Rb3 $18) 72. Kb3 Be2 73. Kc3 Bb5 (73...
Bf1 74. Kd4 Ka5 75. Kc5 Bg2 76. Rb1 Ka4 77. Kc4 Ka3 78. Rb6 Ka2 79. Rb4 Ka3 80.
Kc3 Ka2 81. Ra4+ Kb1 82. Ra3 Be4 83. Kd2 $1 Bf5 (83... Bg2 84. Ke1 Kc2 85. Rg3
Kb2 86. Kf2 Kc2 87. Rxg2 hxg2 88. h4 $18) 84. Ke1 Kb2 85. Re3 Kc2 86. Kf2 Kd2
87. Rf3 Bg4 88. Ra3 Be6 89. Kg3 Ke2 90. Ra6 Bd7 91. Ra7 Bc8 92. Rc7 Bf5 93. Kf4
$18 {So etwa sieht das klassische Gewinnverfahren aus. Bei begrenzter
Bedenkzeit muß man dieses Verfahren wissen. Am Brett kann man es kaum finden.})
74. Kd4 Kb6 75. Rb3 $18) 71... Be2 72. Rb4 Bf1 73. Rb1 Bg2 74. Rb6 Bf1 75. Rd6
Kb7 76. Kb4 Kc7 77. Kc5 Bg2 78. Rd3 Bf1 79. Rf3 Bg2 80. Rf7+ Kd8 81. Kd6 Kc8
82. Rh7 Kb8 83. Rc7 Bf3 84. Rc3 Bg2 85. Rb3+ Kc8 86. Rb4 Bf3 87. Rh4 Bg2 88.
Rh7 Kb8 89. Rd7 Kc8 90. Rg7 Kb8 91. Rc7 Bf3 92. Kd7 Bg2 93. Kd8 Bf3 94. Rc3 Bg2
95. Rb3+ Ka7 96. Kc7 Ka6 97. Kd6 Ka5 98. Kc5 Ka6 99. Rb6+ Ka7 1/2-1/2

[Event "Koop Tjuchem"]
[Site "Groningen"]
[Date "1996.??.??"]
[Round "2"]
[White "Leko, Peter"]
[Black "Akopian, Vladimir Eduardovic"]
[Result "1-0"]
[WhiteElo "2630"]
[BlackElo "2630"]
[Annotator "Hecht,H"]
[PlyCount "167"]
[EventDate "1996.12.20"]
[EventType "tourn"]
[EventRounds "11"]
[EventCountry "NED"]
[EventCategory "16"]
[SourceTitle "CBM 057"]
[Source "ChessBase"]
[SourceDate "1997.04.01"]
[SourceVersion "1"]
[SourceVersionDate "1997.04.01"]
[SourceQuality "1"]

1. e4 e6 2. d4 d5 3. Nc3 dxe4 4. Nxe4 Nd7 5. Nf3 Ngf6 6. Bg5 h6 7. Bxf6 Nxf6 8.
Nxf6+ Qxf6 9. Bb5+ c6 10. Bd3 Bd6 11. Qe2 a5 12. O-O-O a4 13. a3 O-O 14. Kb1
Ra5 15. Rhe1 c5 16. dxc5 Bxc5 17. Rd2 g6 18. Ne5 Bd4 19. Ng4 Qg7 20. c3 Bb6 21.
f4 Rd8 22. Bc2 Rxd2 23. Qxd2 Rd5 24. Qe2 Bd7 25. Ne5 Be8 26. Nxg6 Bd8 27. Ne5
Qf6 28. g3 b5 29. Ng4 Qg7 30. Ne3 Rc5 31. Rd1 Bf6 32. Nf5 Qf8 33. Nd6 Bc6 34.
Qe3 Rd5 35. Rxd5 Bxd5 36. Nxb5 Qc8 37. Qd3 Qb7 38. Nd6 Qa7 39. c4 Bc6 40. c5
Kf8 41. Nxf7 Qxc5 42. Qd6+ Qxd6 43. Nxd6 Bd4 44. Be4 Bd7 45. Nc4 Bg1 46. Ne5
Be8 47. Nf3 Be3 48. Kc2 Ke7 49. Kd3 Bc1 50. Kc3 Be3 51. Bc2 Kd6 52. Nd2 Kd5 53.
Be4+ Kc5 54. Kd3 Bf2 55. Nf3 Bh5 56. Ne5 Be8 57. Nf3 Bh5 58. Nd2 Be8 59. b4+
axb3 60. Nxb3+ Kd6 61. Ke2 Bg1 62. Kf3 Ke7 63. h3 Ba4 64. Bc2 Kf6 65. Na1 Bd7
66. Be4 e5 67. f5 Bxf5 68. Bxf5 Kxf5 {[#] 2-1 Freibauern bei geringem
Bauernmaterial. Ablenken des schwarzen Königs durch Vorgehen des a-Bauern;
danach Opfer des Springers für verbundene Freibauern. Technik + Taktik.} 69.
Nc2 (69. g4+ $5 Kg5 70. Kg3 h5 (70... e4 71. h4+ Kf6 72. Kf4 Bc5 73. a4 e3 74.
Nc2 e2 75. Kf3 Ke5 76. a5 $16) 71. h4+ Kg6 72. g5 Kf5 73. Nc2 e4 74. a4 Bb6 75.
Nb4 $16 {[%cal Rb4c6,Ra4a8]}) 69... e4+ 70. Ke2 Bb6 71. Ne3+ Ke6 72. g4 Bc7 73.
Nf5 Bf4 (73... h5 $2 74. Ng7+) 74. a4 Kd5 75. a5 Kc5 76. h4 Kb5 77. Nxh6 $1
Bxh6 78. g5 Bf8 79. Ke3 Kxa5 80. Kxe4 Ba3 81. Kf5 Kb5 82. g6 Bb2 83. h5 Bg7 84.
Kg5 1-0

[Event "Politiken Cup 18th"]
[Site "Copenhagen"]
[Date "1996.??.??"]
[Round "10"]
[White "Furhoff, Johan"]
[Black "Kortschnoj, Viktor Lvovich"]
[Result "0-1"]
[WhiteElo "2305"]
[BlackElo "2645"]
[Annotator "Hecht,H"]
[PlyCount "122"]
[EventDate "1996.06.??"]
[EventType "swiss"]
[EventRounds "11"]
[EventCountry "DEN"]
[SourceTitle "CBM 054"]
[Source "ChessBase"]
[SourceDate "1996.10.01"]
[SourceVersion "1"]
[SourceVersionDate "1996.10.01"]
[SourceQuality "1"]

1. e4 e6 2. d4 d5 3. Nc3 dxe4 4. Nxe4 Nd7 5. Nf3 Ngf6 6. Nxf6+ Nxf6 7. Bg5 h6
8. Bd2 c5 9. Bb5+ Bd7 10. Qe2 cxd4 11. Nxd4 Bc5 12. Bxd7+ Qxd7 13. Nb3 Bb6 14.
O-O O-O 15. Rad1 Qa4 16. Bc3 Rfd8 17. Bxf6 gxf6 18. Nc1 f5 19. Nd3 Rac8 20. c3
Qxa2 21. Qh5 Qc4 22. Ne5 Qc7 23. Rde1 Rd5 24. Qxh6 Rxe5 25. Qg5+ Kf8 26. Qh6+
Ke7 27. Qh4+ Kd7 28. Qa4+ Ke7 29. Qh4+ f6 30. Rxe5 Bxf2+ 31. Qxf2 Qxe5 32. Qxa7
Qb5 33. Qa3+ Kf7 34. Qd6 Qc5+ 35. Qxc5 Rxc5 {[#] Freibauern auf 2 Flügeln vs
zentralen Bauernklotz; planloses w Spiel vs aktives s Spiel mit T+K im Zentrum;
Taktik} 36. Rd1 Rb5 37. b4 f4 38. Rd7+ (38. Kf2 e5 39. g3 fxg3+ 40. hxg3 $15)
38... Kg6 39. Kf2 e5 40. Re7 (40. g3 Kf5 $17) 40... Rb6 41. Rc7 e4 42. Re7 f5
43. Rc7 (43. g4 $5) 43... Ra6 44. Rxb7 e3+ 45. Kf3 Ra1 $1 (45... Ra2 $2 46.
Kxf4) 46. g3 (46. b5 Rf1+ 47. Ke2 Rf2+ 48. Ke1 Rxg2 49. Re7 Rb2 50. c4 Kg5 51.
c5 $13 {Analyse!}) 46... Rf1+ 47. Ke2 Rf2+ 48. Ke1 f3 49. Re7 f4 50. gxf4 Re2+
51. Kf1 Kf5 52. b5 Kxf4 53. Rf7+ Ke4 54. Re7+ Kd3 55. Rd7+ Kc2 56. Rf7 Rxh2 $1
57. Rxf3 Kd2 58. Kg1 Rh8 59. Rf7 Rg8+ 60. Kh2 Re8 $1 61. Rd7+ Kc2 0-1

[Event "Reykjavik"]
[Site "Reykjavik"]
[Date "1992.??.??"]
[Round "6"]
[White "Stefansson, Hannes"]
[Black "Hjartarson, Johann"]
[Result "1/2-1/2"]
[WhiteElo "2455"]
[BlackElo "2580"]
[Annotator "Hjartarson,J"]
[PlyCount "72"]
[EventDate "1992.03.??"]
[EventType "tourn"]
[EventRounds "11"]
[EventCountry "ISL"]
[EventCategory "11"]
[SourceTitle "CBM 028"]
[Source "ChessBase"]
[SourceDate "1992.06.01"]
[SourceVersion "1"]
[SourceVersionDate "1992.06.01"]
[SourceQuality "1"]

1. e4 {Knaak} e6 2. d4 d5 3. Nc3 Nc6 4. Nf3 Nf6 5. Bd3 Bb4 6. e5 Ne4 7. Bd2
Nxd2 8. Qxd2 f6 9. a3 Be7 10. exf6 {TN} (10. h4 fxe5 11. dxe5 O-O 12. Qe2 Qe8
13. O-O-O Qh5 $10 {Chandler,M-Rosentalis/GER/1991/}) 10... Bxf6 11. Bb5 O-O $5
(11... Bd7 12. O-O (12. Bxc6 {Knaak} Bxc6 13. O-O (13. Ne5 Bxe5 14. dxe5 O-O
$10) 13... O-O 14. Rae1 Qd6 15. Ne5 Be8 $10) 12... O-O 13. Rfe1 $14) 12. Bxc6
bxc6 13. Na4 Qd6 (13... Ba6 $6 {Knaak} 14. Nc5 Qc8 15. O-O-O $16) 14. O-O (14.
Qe3 $5 $14) 14... e5 15. dxe5 Bxe5 16. Nxe5 Qxe5 17. c3 (17. Rfe1 Qf4 $6 (17...
Qd6 $142) 18. Qxf4 Rxf4 19. b3 $1 $14) 17... a5 $1 18. Rfe1 Qd6 19. b4 axb4 20.
axb4 Qg6 $10 21. Qe3 h5 22. Qg3 Qf6 23. Qe3 h4 24. Nc5 (24. h3 {Knaak >=})
24... Rxa1 25. Rxa1 h3 26. g3 (26. gxh3 Qh4 27. Qg3 Qh5) 26... Bg4 27. Re1 Ra8
$6 (27... Rf7 $1 28. Qe8+ (28. Nb3 $2 Re7 29. Qxe7 Qf3 30. Qd8+ $8 Kh7 31. Qh4+
Kg6 32. Qxg4+ $8 Qxg4 33. Nd4 Kh7 $15) 28... Kh7 29. Qe3 Re7 30. Qd3+ Bf5 31.
Qd2 $10) 28. Nb3 Ra2 29. Nd4 Kh7 30. Qd3+ Kg8 31. Qe3 Bh5 32. Rc1 Bf7 33. Rc2
Ra1+ 34. Rc1 Ra2 35. Rc2 Ra1+ 36. Rc1 Ra2 1/2-1/2

[Event "BCF-ch playoff"]
[Site "Hove"]
[Date "1997.??.??"]
[Round "1"]
[White "Sadler, Matthew D"]
[Black "Miles, Anthony John"]
[Result "1-0"]
[WhiteElo "2665"]
[BlackElo "2595"]
[Annotator "Horvath,Ta"]
[PlyCount "71"]
[EventDate "1997.08.15"]
[EventType "tourn"]
[EventRounds "3"]
[EventCountry "ENG"]
[EventCategory "15"]
[SourceTitle "CBM 061"]
[Source "ChessBase"]
[SourceDate "1997.11.23"]
[SourceVersion "1"]
[SourceVersionDate "1997.11.23"]
[SourceQuality "1"]

1. d4 e6 2. e4 d5 3. Nd2 dxe4 4. Nxe4 Nd7 5. Bd3 Ngf6 6. Qe2 c5 7. Nxf6+ Nxf6
8. dxc5 Bxc5 9. Bd2 (9. Bg5 Qa5+ 10. Bd2 Qc7 11. Nf3 O-O 12. O-O-O b6 13. Ne5
Bb7 14. f4 (14. Rhe1 Rac8 15. Kb1 Rfe8 16. g4 Nd5 17. g5 Bd4 18. c4 Bxe5 19.
cxd5 Bd6 20. Qe4 g6 21. Bc3 Qc5 22. Re3 Qxd5 23. Qa4 Qxg5 24. Qd4 Rxc3 25. Qxc3
Bxh2 26. Bc2 Rc8 27. Qa3 Qc5 28. Qxc5 Rxc5 {Korneev,O-Zlochevskij,A/RUS-Cup8
1997/EXP 58/1-0 (40)}) 14... Rfd8 15. Kb1 Rac8 16. Rhf1 Nd5 (16... Bd4 17. Nf3
Ba6 18. Nxd4 Rxd4 19. Bxa6 Qxc2+ 20. Ka1 Rcd8 21. Bc1 Qxd1 22. Rxd1 Rxd1 23.
Kb1 Rh1 24. Qc2 Nd5 25. a3 Ne3 26. Qe2 Nf5 27. g4 Nd4 28. Qc4 h5 29. Qc7 Rf8
30. Qc3 Rd8 31. gxh5 Nf5 32. Bd3 Ne3 33. Be2 Nd5 34. Qf3 Rxh2 35. f5 e5 36. h6
Nf4 37. Bxf4 exf4 38. hxg7 {1-0 Polgar,J-Ehlvest,J/Vienna Millenium 1996/CBM 55
}) 17. a3 Bd6 18. c4 Nf6 19. Bc3 Bf8 20. g4 Rxd3 21. Rxd3 Be4 22. g5 Bxd3+ 23.
Qxd3 Ne8 {Glek,I-Nogueiras,J/Linares op 1996/EXP 51/[Glek]/1-0 (43)}) 9... O-O
10. O-O-O Qd5 $6 {Dopelangriff,verliert aber viel Zeit.10...-Qc7 ist besser.}
11. Bc3 Qg5+ 12. Kb1 Nd5 13. Be5 Qxg2 $2 {Oft auch der "g2" ist giftig!} (13...
Qe7 14. Bxh7+ Kxh7 15. Qh5+ Kg8 16. Bxg7 Kxg7 (16... f6 17. Bxf8 Qxf8 18. Rd3
$16) 17. Qg4+ Kf6 $2 (17... Kh6 $1 18. Rd3 Qg5) 18. Nf3 e5 19. Qg5+ Ke6 20.
Qxe5+ Kd7 21. Qxd5+ Bd6 22. Rhe1 Qf6 23. Re3 $18) 14. Qh5 f5 15. Nf3 Qg4 16.
Rhg1 Qxh5 (16... Nf4 17. Qh4 Ng2 18. Rxg2 Qxg2 19. Rg1 $18) 17. Rxg7+ Kh8 18.
Rg5+ (18. Rdg1 $1 {Fritz! with mate} Nf6 19. Bxf6 $18) 18... Nf6 19. Rxh5 Bxf2
20. Rd2 (20. Bc4 $1) 20... Be3 21. Rg2 Bd7 22. Ng5 Bxg5 23. Rgxg5 Rf7 24. Rh6
Raf8 25. b3 (25. Rgg6 Rg7 26. Rxf6 $4 Rg1+ $19) 25... Bc6 (25... Rg7 26. Rxf6
$18 (26. Bxf6 $2 Rxf6)) 26. Bc4 Bd7 27. a4 a6 28. a5 Bc8 29. Kb2 Bd7 30. Rgg6
Bc8 31. Bxf6+ Rxf6 32. Rxf6 Rxf6 33. Rxf6 Kg7 34. Rxe6 Bxe6 35. Bxe6 f4 36. Bd5
1-0

[Event "Olympiad-34"]
[Site "Istanbul"]
[Date "2000.11.04"]
[Round "7.2"]
[White "Nataf, Igor Alexandre"]
[Black "Hracek, Zbynek"]
[Result "0-1"]
[WhiteElo "2526"]
[BlackElo "2612"]
[Annotator "Hracek,Z"]
[PlyCount "64"]
[EventDate "2000.10.28"]
[EventType "team-swiss"]
[EventRounds "14"]
[EventCountry "TUR"]
[SourceTitle "EXT 2001"]
[Source "ChessBase"]
[SourceDate "2000.11.22"]
[SourceVersion "1"]
[SourceVersionDate "2000.11.22"]
[SourceQuality "1"]
[WhiteTeam "France"]
[BlackTeam "Czech Republic"]
[WhiteTeamCountry "FRA"]
[BlackTeamCountry "CZE"]

1. e4 e6 2. d4 d5 3. Nc3 Nf6 4. Bg5 dxe4 5. Nxe4 Nbd7 6. Nf3 h6 7. Nxf6+ Nxf6
8. Bh4 c5 9. Bc4 a6 $1 10. a4 Be7 11. O-O cxd4 12. Qe2 O-O 13. Rad1 Qb6 14.
Rxd4 (14. b3 $142 Bd7 15. Nxd4 Rfe8 16. Rfe1) 14... Qxb2 15. Rfd1 b5 $1 $15 16.
axb5 axb5 17. Bxb5 Bb7 18. Ra4 (18. Ne5 Ra1 19. Rxa1 Qxd4 20. Ra4 Qd5 21. f3
$15) 18... Rxa4 19. Bxa4 Ra8 20. Bb3 $2 (20. Qb5 Qxb5 21. Bxb5 Ra2 $15) 20...
Ne4 $1 $17 21. Qb5 $6 (21. Re1 Bxh4 22. Nxh4 Nc5 $17) 21... Bd5 $6 (21... Bxh4
$142 $1 22. Qxb7 (22. Nxh4 Nc3 23. Qxb7 Ra1 $19) 22... Ra1 (22... Bxf2+ $2 23.
Kf1 $18) 23. Qd7 Bxf2+ 24. Kf1 Bd4 25. Qc8+ (25. Qe8+ Kh7 26. Rxa1 Qxa1+ 27.
Ke2 Qc3) 25... Kh7 26. Rxa1 Qxa1+ 27. Ke2 Nc3+ 28. Kd3 Bf6 $19) 22. Qf1 Bxh4
23. Nxh4 Bxb3 24. cxb3 Qxb3 $6 (24... Ra2 $142 25. Nf3 (25. Rb1 Qd4 26. Nf3 Qb6
$19) (25. f3 Nc3 26. Re1 g5 $19) 25... Qxb3 $19) 25. Ra1 Rxa1 26. Qxa1 Nd2 27.
Kh1 $2 (27. h3 $142 g5 28. Qa8+ Kh7 29. Nf3 Nxf3+ 30. gxf3 Qd5 $17) 27... Qd5
$6 (27... g5 $142 28. Nf3 Nxf3 29. Qa8+ Kg7 30. gxf3 Qd5 31. Qa3 g4 32. Kg2 Kg6
33. Kg3 Qxf3+ 34. Qxf3 gxf3 35. Kxf3 Kf5 $19) 28. Qc3 (28. Qc1 $1 Qd3 $1 (28...
Ne4 29. Kg1) (28... g5 29. Qc8+ Kg7 30. Qc3+ Kh7 31. Qc7 $1 e5 32. Nf5 Ne4 $17)
29. g3 Qe2 30. Kg1 (30. f4 g5 31. Ng2 Nf3 $19) 30... g5 31. Qc8+ Kg7 32. Qc3+
e5 33. Nf5+ Kg6 34. Ne3 Qxf2+ 35. Kxf2 Ne4+ 36. Ke2 Nxc3+ 37. Kd3 Nb5 38. Ke4
f6 39. g4 Nc7 $19) 28... Ne4 $19 29. Qe1 Qd1 30. Qxd1 Nxf2+ 31. Kg1 Nxd1 32.
Nf3 g5 0-1

[Event "Hamburg HSK"]
[Site "Hamburg"]
[Date "2011.01.04"]
[Round "3.2"]
[White "Huschenbeth, Niclas"]
[Black "Rogozenco, Dorian"]
[Result "1-0"]
[WhiteElo "2450"]
[BlackElo "2534"]
[Annotator "Huschenbeth,N"]
[PlyCount "79"]
[EventDate "2011.01.02"]
[EventType "tourn"]
[EventRounds "9"]
[EventCountry "GER"]
[EventCategory "7"]
[SourceTitle "CBM 140 Extra"]
[Source "ChessBase"]
[SourceDate "2011.03.01"]
[SourceVersion "1"]
[SourceVersionDate "2011.03.01"]
[SourceQuality "1"]

1. e4 e6 2. d4 d5 3. Nc3 dxe4 4. Nxe4 Nd7 5. Nf3 Ngf6 6. Bd3 c5 7. O-O Nxe4 8.
Bxe4 Nf6 9. Bg5 cxd4 10. Qe2 Qb6 11. Bxf6 gxf6 12. Rad1 Bg7 13. Nxd4 O-O 14. c3
f5 (14... Bd7 15. Bb1 Rad8 16. Rd2 f5 17. Rfd1 Ba4 18. b3 Bc6 19. Qh5 Be4 20.
Bxe4 fxe4 21. Qe2 Bh6 22. Rb2 f5 23. Rbb1 Rd5 24. Nc2 Qc5 25. c4 Rdd8 26. b4
Qe5 27. c5 Bg7 28. Ne3 f4 29. Nc4 Qf6 30. Nd6 Qg6 31. Qc4 f3 32. g3 e3 33. fxe3
Kh8 34. Kf2 b6 35. Rbc1 bxc5 36. bxc5 Rb8 37. Rd2 a5 38. a3 Qh5 39. h4 Be5 40.
Qxe6 Rf6 41. Qh3 Rg8 42. Ne4 Rc6 43. Rd7 Rcg6 44. c6 Bxg3+ 45. Nxg3 Qe5 46. Rg1
Qb2+ 47. Kxf3 Rf8+ 48. Nf5 Rxg1 49. c7 Qf6 50. Kf2 Rc1 51. Ke2 Rc2+ 52. Rd2 Qc3
53. Rxc2 Qxc2+ 54. Ke1 Rxf5 55. Qg3 Qc1+ 56. Ke2 Qf1+ {0-1 Huschenbeth,N (2459)
-Levin,E (2495)/Rosenheim 2010/CBM 138 Extra}) 15. Bb1 Rd8 16. Rd3 Bd7 17. Rg3
Kf8 $6 {[#]} (17... Kh8 18. Qh5 Rf8 19. Rd1 Qxb2 20. Nf3 h6 21. Ne5 Be8 22. h4
Qb5 23. f4 Qc5+ 24. Kh2 Qe7 25. Rdd3 Rd8 26. Rxg7 Kxg7 27. Rg3+ Kh7 28. Ng4 {
1-0 Saric,I (2575)-Saric,A (2471)/Zadar 2009/CBM 133 Extra}) 18. Re1 $1 {
Durch diesen kleinen unscheinbaren Zug kann Weiß den Druck aufrecht erhalten.
Schwarz muss nun besonders den Punkt f5 aufpassen.} Bxd4 (18... Re8 19. Qd2 h6
20. Ne2 Rad8 21. Nf4 e5 22. Nh5) (18... h6 $2 19. Nxf5 exf5 20. Qe7+ Kg8 21.
Qe5 $18) (18... Qc5 19. Qe3 h6 20. Nxe6+) 19. cxd4 f4 20. Rh3 Qxd4 21. Rxh7 Be8
22. Qh5 Ke7 23. Qg5+ Qf6 24. Qc5+ Rd6 25. Rh3 $2 {Es schien mir logisch, den
Turm, der auf h7 nicht mehr viel macht, wieder ins Spiel zu bringen.
Allerdings lässt der Druck jetzt kurz nach und Schwarz kann sich befreien.} (
25. Be4 Rad8 26. Bxb7 $16) (25. Bf5 b6 26. Qc7+ Bd7 {und Schwarz steht solide.}
) 25... Qd4 (25... Qxb2 26. Rb3 Qd2 27. Rxb7+ Kf8 28. Qe5 Rd7 29. Rb2 $14) (
25... Bc6 $1 {Schwarz bringt einfach seinen Läufer nach d5 und kann dann
seinen Turm entfesseln.} 26. Rd3 Rad8 27. Red1 Bd5 $11) 26. Qa3 $2 Rc8 $2 {
Mein Glück, dass mein Gegner in Zeitnot war, sonst hätte er Dd2 sicherlich
gesehen.} (26... Qd2 27. Qc3 (27. Rf1 Bb5 28. Qc5 Bxf1 $17) 27... Rc8 28. Qxd2
Rxd2 $17) 27. Rb3 b6 28. h4 Rc7 29. h5 Qd2 30. Rf1 Rc1 $4 (30... Kf6 $1 31. Bd3
Rc5 32. h6 $13) 31. Rd3 $1 {und es ist aus.} Rxf1+ 32. Kxf1 Bb5 33. Qxd6+ Kf6
34. Qd4+ Kg5 (34... e5 35. Qd6+ Kf5 36. Qd7+ $18) 35. Qe5+ f5 36. Qxb5 Qc1+ 37.
Ke2 Qxb1 38. Qb3 a5 39. Rd1 Qe4+ 40. Kf1 1-0

[Event "ESP-chT"]
[Site "Salamanca"]
[Date "1998.09.07"]
[Round "3"]
[White "Illescas Cordoba, Miguel"]
[Black "Speelman, Jonathan S"]
[Result "1-0"]
[WhiteElo "2605"]
[BlackElo "2600"]
[Annotator "Illescas Cordoba,M"]
[PlyCount "62"]
[EventDate "1998.09.05"]
[EventType "team"]
[EventRounds "9"]
[EventCountry "ESP"]
[SourceTitle "EXT 1999"]
[Source "ChessBase"]
[SourceDate "1998.11.16"]
[SourceVersion "1"]
[SourceVersionDate "1998.11.16"]
[SourceQuality "1"]

{[%mdl 4]} 1. d4 e6 2. e4 d5 3. Nc3 dxe4 4. Nxe4 Nd7 5. Nf3 Ngf6 6. Nxf6+ Nxf6
7. c3 $5 {[%csl Gd4][%cal Gd1a4]} c5 8. Be3 Qc7 $6 (8... cxd4 $142) 9. Ne5 $1 {
[%csl Ye8][%cal Gf1b5,Gd1a4]} a6 (9... cxd4 10. Bxd4 Bd6 11. Bb5+ Ke7 12. Nc4
$16 {[%csl Rd6]}) (9... Bd7 10. Nxd7 Nxd7 11. d5 $5 $14 {[%csl Ge3,Gf1]}) 10.
Qa4+ Nd7 (10... Bd7 11. Nxd7 Nxd7 12. O-O-O $14 {[%csl Ge3,Gf1]}) 11. O-O-O $32
Rb8 $6 $146 {[%cal Yb7b5][%mdl 8200]} (11... Bd6 12. Nc4 Bf4 13. g3 Bxe3+ 14.
Nxe3 $14 {Dvoirys,S-Zakharevich,I/Novgorod (open) 1997(Inf 70/275)}) 12. dxc5
$1 Qxe5 $8 13. Bf4 Qxc5 14. Bxb8 b5 (14... Qxf2 15. Bg3 $16) 15. Qa5 (15. Qf4
$16) 15... Qxf2 16. Qc7 (16. Bg3 $16) 16... Qc5 17. Be2 Be7 18. Qxc5 (18. Bf3
Bg5+ 19. Kb1 Qf5+ 20. Ka1 O-O $132) 18... Bxc5 19. Bd6 Bxd6 20. Rxd6 Ke7 21.
Rhd1 Ne5 22. a4 (22. Rb6 $142 {[%csl Rc8]} h5 23. a4 bxa4 24. Bxa6 Bd7 25. Bb5
$18) 22... Bb7 {[%csl Gb7]} 23. Bf3 $5 (23. g3) 23... Bxf3 (23... Nxf3 24. Rd7+
Kf6 25. Rxb7 $18) 24. gxf3 Ra8 (24... g5 $142 25. Rxa6 bxa4 26. Ra7+ Kf6 27.
Rxa4 Kf5 28. Rf1 $16 {[%csl Gb2,Gc3]}) 25. f4 Nc4 (25... Ng6 $142 $16) 26. Rd7+
Kf6 (26... Ke8 27. Rb7 $18) 27. Rd8 $1 Rxd8 (27... Ra7 28. R1d7 $18) 28. Rxd8
$18 bxa4 29. Rd4 Nb6 30. c4 a3 31. bxa3 Na4 1-0